00321nam a2200121 a 4500008004100000050001500041100001800056245005100074260002800125300002200153350000900175700001500184120416s1969 ||||||||||||||||| || u aDT 444 His aKimambo, I. N12aA History of Tanzaniacedited by I. N. Kimambo aLondonbHeinemannc1969 axii, 276p. : ill. a0.00 aTemu, A. J